Eurocodes expert (Record no. 120919)

MARC details
000 -LEADER
fixed length control field 00920cai a22002055a 4500
001 - CONTROL NUMBER
control field L153333
008 - FIXED-LENGTH DATA ELEMENTS--GENERAL INFORMATION
fixed length control field 110117u2007 xxk g 000 0 eng d
035 ## - SYSTEM CONTROL NUMBER
System control number (Sirsi) u153333
041 0# - LANGUAGE CODE
Language code of text/sound track or separate title eng
110 2# - MAIN ENTRY--CORPORATE NAME
Corporate name or jurisdiction name as entry element Institution of Civil Engineers
9 (RLIN) 1402
245 04 - TITLE STATEMENT
Title Eurocodes expert
Remainder of title making Eurocodes easier
Medium [electronic resource]
520 ## - SUMMARY, ETC.
Summary, etc. An initiative to help design engineers as well as clients, manufacturers, building control officers and academics, trainers and students understand and use the new European structural design codes. Latest news, events and courses, latest publications.
590 ## - LOCAL NOTE (RLIN)
Local note KA NTK
651 #4 - SUBJECT ADDED ENTRY--GEOGRAPHIC NAME
Geographic name Europe
690 ## - LOCAL SUBJECT ADDED ENTRY--TOPICAL TERM (OCLC, RLIN)
Topical term or geographic name as entry element BUILT ENVIRONMENT-BUILDING STANDARDS
690 ## - LOCAL SUBJECT ADDED ENTRY--TOPICAL TERM (OCLC, RLIN)
Topical term or geographic name as entry element Building regulations
9 (RLIN) 6224
710 2# - ADDED ENTRY--CORPORATE NAME
Corporate name or jurisdiction name as entry element The Institution of Structural Engineers
9 (RLIN) 2568
856 40 - ELECTRONIC LOCATION AND ACCESS
Uniform Resource Identifier <a href="https://www.eurocodes.co.uk/Default.aspx">https://www.eurocodes.co.uk/Default.aspx</a>
Public note View the website free of charge at www.eurocodes.co.uk
942 ## - ADDED ENTRY ELEMENTS (KOHA)
Suppress in OPAC 0
Holdings
Withdrawn status Lost status Source of classification or shelving scheme Damaged status Not for loan Home library Current library Shelving location Date acquired Total Checkouts Full call number Barcode Date last seen Copy number Price effective from Koha item type
    Dewey Decimal Classification     Virtual Virtual Online 12/07/2011   WEB-SITE 153333-2001 06/08/2019 1 06/08/2019 Online material